<Die> Leistung im Wechselverhältnis von Produktion und Distribution und das Geld im Sozialismus Studie

Gespeichert in:
Bibliographische Detailangaben
1. Verfasser: Grotjan, Erika
Format: Buch
Sprache:Deutsch
Veröffentlicht: Berlin Humboldt-Universität 1982
Tags: Tag hinzufügen
Keine Tags, Fügen Sie das erste Tag hinzu!

MARC

LEADER 00000nam a2200000 4500
001 c129314
005 20041019155246.0
041 0 |a ger 
044 |a DE 
245 1 0 |a <Die> Leistung im Wechselverhältnis von Produktion und Distribution und das Geld im Sozialismus  |b Studie  |c Erika Grotjan 
264 1 |a Berlin  |b Humboldt-Universität  |c 1982 
300 |a 84 s. 
100 1 |a Grotjan, Erika